| 000 | 01227cad a22002175a 4500 | ||
|---|---|---|---|
| 001 | L153988 | ||
| 008 | 110929s2011 xxk f 000 0 eng d | ||
| 020 | _a9781842198315 | ||
| 035 | _a(Sirsi) u153988 | ||
| 041 | 0 | _aeng | |
| 110 | 2 |
_aRoyal Institution of Chartered Surveyors _bResearch _94902 |
|
| 245 | 0 | 4 |
_aThe 2012 Games _bthe regeneration legacy _h[electronic resource] |
| 260 |
_aLondon _bRICS _c2011 |
||
| 520 | _aAssesses the planning and delivery of the physical regeneration strategy associated with the 2012 Olympic games. Focuses on projects in East London based on a combination of primary and secondary research involving interviews, individuals representing key organisation in the project and a comprehensive review of academic research and official London 2012 reports. Concludes that admirable efforts have been made to optimise the chances of a positive regeneration legacy from the 2012 Games. | ||
| 590 | _aKA | ||
| 650 | 2 | 4 | _aOLYMPIC GAMES 2012 |
| 651 | 4 |
_aEngland and Wales _y1543- |
|
| 690 | _aPROPERTY-PROPERTY MANAGEMENT-REGENERATION | ||
| 856 | 4 | 0 |
_uhttps://www.international-seminar.eu/sites/default/files/RICS_regeneration_legacy.pdf _zView the item free of charge at www.rics.org |
| 942 | _n0 | ||
| 999 |
_c112797 _d112797 |
||